Principles of thermodynamics /
Guardado en:
| Autor Principal: | |
|---|---|
| Otros Autores: | |
| Formato: | Libro |
| Idioma: | English |
| Publicado: |
Amsterdam :
Elsevier Scientific Pub. Co.,
1979.
|
| Series: | Studies in modern thermodynamics ;
2 |
| Materias: | |
| Etiquetas: |
Agregar Etiqueta
Sin Etiquetas, Sea el primero en etiquetar este registro!
|
| LEADER | 00886cam a22002535a 4500 | ||
|---|---|---|---|
| 001 | EIQ.libpla000564 | ||
| 008 | 791016s1979####ne#a#####b####001#0#eng#d | ||
| 005 | 20060309154947.0 | ||
| 245 | 1 | 0 | |a Principles of thermodynamics / |c James A. Beattie and Irwin Oppenheim. |
| 260 | |a Amsterdam : |b Elsevier Scientific Pub. Co., |c 1979. | ||
| 300 | |a xiii, 329 p. : |b il. ; |c 25 cm. | ||
| 440 | 0 | |a Studies in modern thermodynamics ; |v 2 | |
| 504 | |a Incluye referencias bibliográfica e índices. | ||
| 020 | |a 0444418067 | ||
| 100 | 1 | |a Beattie, James A., |d 1895- | |
| 700 | 1 | |a Oppenheim, Irwin. | |
| 082 | 0 | 0 | |a 536/.7 |
| 650 | 4 | |a Termodinámica |x Teoría. | |
| 650 | 4 | |a Equilibrio y estabilidad |x Criteria. | |
| 650 | 4 | |a Equilibrium and Stability |x Criteria. | |
| 650 | 4 | |a Thermodynamics |x Theory. | |
| 010 | |a 79023755 | ||
| 040 | |a DLC |c DLC |d AR-BbSID | ||
| 859 | |a AR-BbSID |b BIB. PLAPIQUI |h 536.7 |i B 35 |p 335 | ||
